| 000 | 01218cam a22003255a 4500 | ||
|---|---|---|---|
| 001 | 17542664 | ||
| 005 | 20150603130425.0 | ||
| 008 | 121128t20122013gau frb 001 0 eng d | ||
| 020 | _a9781466580244 (Taylor & Francis distribution : alk. paper) | ||
| 020 | _a466580240 (Taylor & Francis distribution : alk. paper) | ||
| 020 | _a9780881736878 (The Fairmont Press, Inc. : alk. paper) | ||
| 020 | _a0881736872 (The Fairmont Press, Inc. : alk. paper) | ||
| 040 |
_aDLC _beng _cDLC _dDLC _dEG-ScBUE |
||
| 082 | 0 | 0 |
_a333.794 _222 _bHOR |
| 100 | 1 |
_aHordeski, Michael F. _938113 |
|
| 245 | 1 | 0 |
_aAlternative fuels : _bthe future of hydrogen / _cby Michael Frank Hordeski. |
| 250 | _a3rd ed. | ||
| 260 |
_aLilburn : _bFairmont Press ; _aBoca Raton ; _aLondon : _bCRC Press / Taylor & Francis Group, _cc.2013. |
||
| 300 |
_ax, 300 p. ; _c24 cm. |
||
| 500 | _aIndex : p. 299-301. | ||
| 504 | _aIncludes bibliographical references. | ||
| 650 | 0 |
_aHydrogen as fuel. _2BUEsh |
|
| 650 | 0 |
_aFuel switching. _2BUEsh _94380 |
|
| 650 | 0 |
_aHydrogen cars. _2BUEsh |
|
| 650 | 0 |
_aAutomobile industry and trade _xForecasting. _2BUEsh |
|
| 651 | _2BUEsh | ||
| 653 |
_bENGGEN _cJune2015 |
||
| 655 |
_vreading book _934232 |
||
| 942 | _2ddc | ||
| 999 |
_c19480 _d19452 |
||